Priame metódy merania úrovne regiónov

Priame metódy ako spôsob merania úrovne regiónov. Podstata a aplikácia metódy porovnávania na základe tempa rastu a na základe mernej rýchlosti.

Gespeichert in:
Bibliographische Detailangaben
1. Verfasser: Hurbánková, Ľubica, 1980-
Format: Buchkapitel
Sprache:Slowakisch
Schlagworte:
Tags: Tag hinzufügen
Keine Tags, Fügen Sie das erste Tag hinzu!

MARC

LEADER 00000naa$a2200000$$$4500
001 0068333
005 20251126090241.1
041 0 |a slo 
044 |a SK 
245 1 0 |a Priame metódy merania úrovne regiónov  |c Ľubica Hurbánková 
520 |a Priame metódy ako spôsob merania úrovne regiónov. Podstata a aplikácia metódy porovnávania na základe tempa rastu a na základe mernej rýchlosti. 
610 2 0 |a úroveň rozvoja hospodárskeho 
610 2 0 |a meranie 
610 2 0 |a efektívnosť ekonomická 
610 2 0 |a hodnota pridaná 
610 2 0 |a Slovensko 
610 2 0 |a diferenciácia regionálna 
610 2 0 |a tempo rastu hospodárskeho 
100 1 |a Hurbánková, Ľubica, 1980-